| 000 | 00336nam a2200133Ia 4500 | ||
|---|---|---|---|
| 005 | 20260326100034.0 | ||
| 008 | 260326s9999||||xx |||||||||||||| ||und|| | ||
| 100 | _aProaño, Luis Octavio | ||
| 245 | 0 |
_aEl Arte de la Merced de Quito / _cLuis Octavio Proaño |
|
| 260 | _bGraficos Nac. | ||
| 300 | _a251 p. | ||
| 650 | _aARTE | ||
| 942 | _cBK | ||
| 999 |
_c6738 _d6738 |
||